| 000 | 00000nam##2200000za#4500 |
| 001 | 9.696377 |
| 003 | CaOODSP |
| 005 | 20210624235015 |
| 007 | cr ||||||||||| |
| 008 | 150407|1997||||xxc|||||o f|0| 0 eng|d |
| 040 | |aCaOODSP|beng |
| 043 | |an-cn--- |
| 086 | 1 |aCH4-1/21-1997E-PDF |
| 110 | 1 |aCanada.|bTask Force on the Implementation of Digital Television. |
| 245 | 10|aCanadian television in the digital era : |h[electronic resource]|bthe report of the Task Force on the Implementation of Digital Television |
| 260 | |aOttawa - Ontario : |bTask Force on the Implementation of Digital Television |cc1997. |
| 300 | |a53p. |
| 500 | |aThe catalogue number (CH4-1/21-1997) and ISBN (0-662-63135-8) for the bilingual print edition have been incorrectly copied in this electronic publication. |
| 590 | |a12-31-Supp|b2012-07-06 |
| 690 | 07|aDigital technology|2gcpds |
| 690 | 07|aTelevision|2gcpds |
| 775 | 08|tLa télévision canadienne à l'ère numérique : |w(CaOODSP)9.640493 |
| 776 | 0#|tCanadian television in the digital era : |w(CaOODSP)9.659543 |
| 776 | 0#|tLa télévision canadienne à l'ère numérique : |w(CaOODSP)9.659544 |
| 856 | 40|ahttp://publications.gc.ca|qPDF|s474 KB|uhttps://publications.gc.ca/collections/Collection/CH4-1-21-1997E.pdf |